La comunicación y la gestión de la información en las instituciones educativas/ (Registro nro. 95988)

Detalles MARC
000 -LEADER
campo de control de longitud fija 01379nam a2200373 i 4500
001 - NÚMERO DE CONTROL
campo de control MOR01000096314
003 - IDENTIFICADOR DE NÚMERO DE CONTROL
campo de control $$amxdfmo
005 - FECHA Y HORA DE LA ÚLTIMA TRANSACCIÓN
campo de control 20260331145924.0
008 - DATOS DE LONGITUD FIJA--INFORMACIÓN GENERAL
campo de control de longitud fija 130130s2005 sp do grbi 001 0 spa d
020 ## - NÚMERO INTERNACIONAL ESTÁNDAR DEL LIBRO
Número Internacional Estándar del Libro 8471978539
035 ## - NÚMERO DE CONTROL DEL SISTEMA
Número de control de sistema 130539
040 ## - FUENTE DE CATALOGACIÓN
Centro catalogador/agencia de origen mxcmmo
Lengua de catalogación spa
Normas de descripción rda
Centro/agencia transcriptor mxcmmo
082 04 - NÚMERO DE LA CLASIFICACIÓN DECIMAL DEWEY
Número de clasificación 370.1934
Número de ítem COM.y
245 03 - MENCIÓN DEL TÍTULO
Título La comunicación y la gestión de la información en las instituciones educativas/
Mención de responsabilidad, etc. coordinador Paulino Carnicero Duque
264 #1 - PRODUCCIÓN, PUBLICACIÓN, DISTRIBUCIÓN, FABRICACIÓN Y COPYRIGHT
Producción, publicación, distribución, fabricación y copyright España:
Nombre del de productor, editor, distribuidor, fabricante Praxis,
Fecha de producción, publicación, distribución, fabricación o copyright 2005.
300 ## - DESCRIPCIÓN FÍSICA
Extensión 278 páginas:
Otras características físicas diagrs. ; fotos.;
Dimensiones 21 cm
336 ## - TIPO DE CONTENIDO
Término de tipo de contenido texto
Código de tipo de contenido txt
Fuente rdacontent
337 ## - TIPO DE MEDIO
Nombre/término del tipo de medio sin medio
Código del tipo de medio n
Fuente rdamedia
338 ## - TIPO DE SOPORTE
Nombre/término del tipo de soporte volumen
Código del tipo de soporte nc
Fuente rdacarrier
490 0# - MENCIÓN DE SERIE
Mención de serie Colección Compromiso con la educación. Serie Experiencias
504 ## - NOTA DE BIBLIOGRAFÍA, ETC.
Nota de bibliografía, etc. Nota Incluye referencias bibliográficas [páginas 263-273]
650 #7 - PUNTO DE ACCESO ADICIONAL DE MATERIA--TÉRMINO DE MATERIA
Término de materia o nombre geográfico como elemento de entrada Comunicación
Subdivisión general Aspectos educativos
9 (RLIN) 167636
650 #7 - PUNTO DE ACCESO ADICIONAL DE MATERIA--TÉRMINO DE MATERIA
Término de materia o nombre geográfico como elemento de entrada Educación
Subdivisión general Planeamiento
9 (RLIN) 6520
650 #7 - PUNTO DE ACCESO ADICIONAL DE MATERIA--TÉRMINO DE MATERIA
Término de materia o nombre geográfico como elemento de entrada Información
Subdivisión general Aspectos educativos
9 (RLIN) 167637
700 1# - ENTRADA AGREGADA--NOMBRE PERSONAL
Nombre de persona Carnicero Duque, Paulino
Término indicativo de función/relación coordinador
9 (RLIN) 167638
900 ## - ELEMENTOS DE DATOS A LOCAL, LDA (RLIN)
Nombre de persona DIAQUE
Numeración Verónica Silva
Títulos y otros términos asociados al nombre 20130307
Lenguaje de la obra MOR01
-- 1040
900 ## - ELEMENTOS DE DATOS A LOCAL, LDA (RLIN)
Nombre de persona KLASY
Numeración 30
Títulos y otros términos asociados al nombre 20130315
Lenguaje de la obra MOR01
-- 1511
900 ## - ELEMENTOS DE DATOS A LOCAL, LDA (RLIN)
Nombre de persona MARY
Numeración 05
Títulos y otros términos asociados al nombre 20130130
Lenguaje de la obra MOR01
-- 1335
900 ## - ELEMENTOS DE DATOS A LOCAL, LDA (RLIN)
Nombre de persona MARY
Numeración 05
Títulos y otros términos asociados al nombre 20130130
Lenguaje de la obra MOR01
-- 1335
900 ## - ELEMENTOS DE DATOS A LOCAL, LDA (RLIN)
Nombre de persona VOBO
Numeración 40
Títulos y otros términos asociados al nombre 20130320
Lenguaje de la obra MOR01
-- 1135
900 ## - ELEMENTOS DE DATOS A LOCAL, LDA (RLIN)
Nombre de persona VOBO
Numeración 40
Títulos y otros términos asociados al nombre 20130320
Lenguaje de la obra MOR01
-- 1136
904 ## - ELEMENTOS DE DATOS D LOCAL, LDD (RLIN)
a UPDATE
942 ## - ELEMENTOS DE ENTRADA SECUNDARIOS (KOHA)
Código de la institución [OBSOLETO] BK
901 ## - ELEMENTOS DE DATOS A LOCAL LDA (RLIN)
a batch batch
Existencias
Estatus retirado Estado de pérdida Fuente del sistema de clasificación o colocación Estado de daño No para préstamo Colección Biblioteca de origen Biblioteca actual Ubicación en estantería Fecha de adquisición Fuente de adquisición Número de inventario Total de préstamos Signatura topográfica completa Código de barras Visto por última vez Precio de reemplazo Tipo de ítem Koha
    Clasificación Decimal Dewey     Libros (General) Biblioteca Instituto Mora Biblioteca Instituto Mora Regular 07/03/2013 Donación 122928   (G)/370.1934 COM.y 33068001290806 03/09/2024 03/09/2024 Libro préstamo regular